Lạc Việt sử ca
Uloženo v:
| Hlavní autor: | |
|---|---|
| Médium: | Kniha |
| Jazyk: | Undetermined |
| Vydáno: |
Tp. HCM
Tp. HCM
2003
|
| Témata: | |
| Tagy: |
Přidat tag
Žádné tagy, Buďte první, kdo otaguje tento záznam!
|
| Thư viện lưu trữ: | Trung tâm Học liệu Trường Đại học Cần Thơ |
|---|
| LEADER | 00491nam a2200193Ia 4500 | ||
|---|---|---|---|
| 001 | CTU_54257 | ||
| 008 | 210402s9999 xx 000 0 und d | ||
| 020 | |b 29000 | ||
| 082 | |a 895.9221 | ||
| 082 | |b Gi100 | ||
| 100 | |a Lê Gia | ||
| 245 | 0 | |a Lạc Việt sử ca | |
| 245 | 0 | |c Lê Gia | |
| 260 | |a Tp. HCM | ||
| 260 | |b Tp. HCM | ||
| 260 | |c 2003 | ||
| 650 | |a historical poetry, vietnamese,vietnam | ||
| 650 | |x history | ||
| 980 | |a Trung tâm Học liệu Trường Đại học Cần Thơ | ||